El niño que vivía en las estrellas / (Registro nro. 13336)

Detalles MARC
000 -LIDER
fixed length control field 00901nam a22002777a 4500
003 - IDENTIFICACDOR DE NÚMERO DE CONTROL
control field DO-SdBPM
005 - DATE AND TIME OF LATEST TRANSACTION
control field 20241204092457.0
008 - ELEMENTOS DE LONGITUD FIJA
fixed length control field 180223b2001 sp a 00| 0 spa d
020 ## - ISBN
International Standard Book Number 9788420444291
040 ## - FUENTE DE CATALOGACIÓN
Agencia que crea de manera original el registro DO-SdBPM
Idioma de catalogación spa
Agencia que realiza la transcripción BPMSU
082 #4 - NÚMERO DE CLASIFICACIÓN DECIMAL DE DEWEY
Classification number 863.64
Item number S572n 2001
Edition number 22
100 1# - ASIENTO PRINCIPAL -- NOMBRE PERSONAL
Nombre personal Sierra i Fabra, Jordi,
Fechas asociadas con el nombre 1947-
9 (RLIN) 48
245 13 - MENCIÓN DE TITULO
Título El niño que vivía en las estrellas /
Mención de responsabilidad Jordi Sierra i Fabra ; ilustraciones Carme Solé ; editora Martha Higueras Díez
250 ## - MENCIÓN DE EDICION
Mención de edición 10a ed.
260 ## - PUBLICACIÓN, DISTRIBUCIÓN, ETC. (PIE DE IMPRENTA)
Lugar de publicación, distribución, etc España :
Nombre del editor, distribuidor, etc. Alfaguara,
Fecha de publicación, distribución, etc 2001
300 ## - DESCRIPCIÓN FÍSICA
Extensión 108 p. :
Otros detalles físicos il. ;
Dimensiones 21 cm.
490 0# - MENCIÓN DE SERIES
Mención de serie Alfaguara juvenil
490 1# - MENCIÓN DE SERIES
Mención de serie Salud
590 ## - NOTA LOCAL
Texto de la nota local Inventariado, 2024/VM
650 #4 - ENCABEZAMIENTO DE MATERIA--TEMÁTICO
Término temático o nombre geográfico como elemento de entrada Novela juvenil española
650 #4 - ENCABEZAMIENTO DE MATERIA--TEMÁTICO
Término temático o nombre geográfico como elemento de entrada Literatura juvenil española
700 1# - ASIENTO SECUNDARIO -- NOMBRE PERSONAL
Nombre personal Solé, Carme,
Mención de responsabilidad ilustraciones
700 12 - ASIENTO SECUNDARIO -- NOMBRE PERSONAL
Nombre personal Higueras Díez, Martha,
Mención de responsabilidad ed.
910 ## - VALIDACIÓN
Validación VMateo V. Control de calidad. BPMSU
942 ## - ADDED ENTRY ELEMENTS (KOHA)
Source of classification or shelving scheme Dewey Decimal Classification
Koha item type Libros
Existencias
Withdrawn status Lost status Source of classification or shelving scheme Damaged status Not for loan Collection code Home library Current library Date acquired Source of acquisition Total Checkouts Full call number Barcode Date last seen Price effective from Koha item type
    Dewey Decimal Classification     Colección Juvenil General Biblioteca Pública Metropolitana Salomé Ureña Biblioteca Pública Metropolitana Salomé Ureña 02/23/2018 FUNDI   BPMSU CJG 863.64 S572n 2001 BPMSU18020256 02/23/2018 02/23/2018 Libros